000 01123cam a2200313 i 4500
003 DO-SdBNP
005 20231012144825.0
007 ta
008 751003s2015 sp 000 0 spa d
020 _a9788491050841
040 _aDO-SdBNP
_bspa
_cBNPHU
_erda
082 4 _bD724
_222
100 1 _aDostoievski, Fiódor M.
_d1821-1881
_984476
240 1 _aIdiot /
_lespañol
245 1 3 _aEl idiota /
_cFiódor M. Dostoievski ; introducción Williams Mills Todd III ; traducción José Laín Entralgo, Augusto Vidal
264 1 _aMadrid, España :
_bPenguin clásicos,
_c2015.
264 1 _c2017 2da. reimpresión
300 _a824 páginas
_c19 cm.
336 _2rdacontent
_atexto
_btxt
337 _2rdamedia
_asin mediación
_bn
338 _2rdacarrier
_avolumen
_bnc
500 _aIncluye datos biografícos del autor, introductor y traductores en la página 4.
590 _aInventariado, 2023/ YL
700 1 _aMills Todd, Williams
_eintroducción
_984436
700 1 _aLaín Entralgo, José
_etraducción
_968179
700 1 _aVidal, Augusto
_etraducción
_949983
910 _aYlockward
942 _2ddc
_cLBS1
999 _c55164
_d55164